书目信息 |
| 题名: |
笑翻美食简史
|
|
| 作者: | 张腾岳 著 | |
| 分册: | ||
| 出版信息: | 长沙 湖南科学技术出版社 2024.08 |
|
| 页数: | 219页 | |
| 开本: | 23cm | |
| 丛书名: | ||
| 单 册: | ||
| 中图分类: | TS971.2(2) , TS971.2 | |
| 科图分类: | ||
| 主题词: | 饮食--yin shi--文化史--中国 | |
| 电子资源: | ||
| ISBN: | 978-7-5710-3006-3 | |
| 000 | 01218nam0 2200289 450 | |
| 001 | 97813 | |
| 005 | 20250920083915.89 | |
| 010 | @a978-7-5710-3006-3@dCNY49.80 | |
| 100 | @a20240821d2024 em y0chiy50 ea | |
| 101 | 0 | @achi |
| 102 | @aCN@b430000 | |
| 105 | @aa z 000yy | |
| 106 | @ar | |
| 106 | @ar | |
| 200 | 1 | @a笑翻美食简史@Axiao fan mei shi jian shi@d= A brief history of food@f张腾岳著@zeng |
| 210 | @a长沙@c湖南科学技术出版社@d2024.08 | |
| 215 | @a219页@c图@d23cm | |
| 300 | @a博集天卷 | |
| 314 | @a张腾岳, 知名主持人, 专注科普20余年, 踏遍中国各地, 在生活中走近科学。 | |
| 330 | @a全书共分七章, 以轻松幽默的笔触讲述了历史名人与美食的那些趣事, 比如, 出身鲁国的孔子吃过经典鲁菜葱烧海参吗? 孟子见梁惠王时, 喝过开封的羊肉汤吗? 墨子与鲁班在楚国首都玩战棋对决时, 早餐会是武汉热干面吗? 读者可跟随先秦诸子的脚步, 漫游春秋战国的美食地图, 由天马行空的猜想切入, 以有理有据的推论展开, 将历史知识与美食知识相结合, 以小见大, 在趣味中获取知识, 增长见识。 | |
| 510 | 1 | @aBrief history of food@zeng |
| 606 | 0 | @a饮食@Ayin shi@x文化史@y中国 |
| 690 | @aTS971.2(2)@v5 | |
| 690 | @aTS971.2@v4 | |
| 701 | 0 | @a张腾岳@Azhang teng yue@4著 |
| 801 | 0 | @aCN@c20250909 |
| 905 | @a河南城建学院图书馆@dTS971.2@eZ180@f1 | |
| 笑翻美食简史= A brief history of food/张腾岳著.-长沙:湖南科学技术出版社,2024.08 |
| 219页:图;23cm |
| 博集天卷 |
| ISBN 978-7-5710-3006-3:CNY49.80 |
| 全书共分七章, 以轻松幽默的笔触讲述了历史名人与美食的那些趣事, 比如, 出身鲁国的孔子吃过经典鲁菜葱烧海参吗? 孟子见梁惠王时, 喝过开封的羊肉汤吗? 墨子与鲁班在楚国首都玩战棋对决时, 早餐会是武汉热干面吗? 读者可跟随先秦诸子的脚步, 漫游春秋战国的美食地图, 由天马行空的猜想切入, 以有理有据的推论展开, 将历史知识与美食知识相结合, 以小见大, 在趣味中获取知识, 增长见识。 |
| ● |
| 相关链接 |
|
|
|
正题名:笑翻美食简史
索取号:TS971.2/Z180
 
预约/预借
| 序号 | 登录号 | 条形码 | 馆藏地/架位号 | 状态 | 备注 |
| 1 | 1638859 | 216388594 | 自科库501/501自科库 44排6列3层/ [索取号:TS971.2/Z180] | 在馆 |